| 000 | 00494nam a2200205Ia 4500 | ||
|---|---|---|---|
| 008 | 170711s9999 xx 000 0 und d | ||
| 020 | _a801621976 | ||
| 050 | _a617.6 | ||
| 050 | _bH659 1979 | ||
| 100 | _aHine, Maynard K. | ||
| 245 | _aReview of dentistry : | ||
| 245 | _bquestions and answers / | ||
| 245 | _cMaynard K. Hine. | ||
| 250 | _aSeventh edition | ||
| 260 | _aUSA : | ||
| 260 | _bMosby Company, | ||
| 260 | _c1979 | ||
| 300 | _a763 pages : | ||
| 300 | _billustrations ; | ||
| 999 |
_c339590 _d339590 |
||